Moxa klasická čínská léčebná metoda

Bibliographic Details
Main Author: Höting, Hans, 1934- (Author)
Other Authors: Světlík, Eduard, 1931- (Translator)
Format: Book
Language:Czech
German
PhysicalDescription:222 s. ilustr. 21 cm
Published: Hodkovičky (Praha) Pragma c2008
ISBN:9788073491024
Subjects:

MARC

LEADER 00000nam a2200000 a 4500
001 vtls009935837
003 SK-MaSNL
005 20260301025937.0
008 240314s2008 xr a f 010 0 cze
020 |a 9788073491024  |q (brož.) 
040 |a SNK  |b slo  |c SNK  |e AACR2 
041 1 |a cze  |h ger 
044 |a xr  |c CZ 
072 7 |a 615.8  |x Fyzioterapia. Psychoterapia. Alternatívna medicína  |2 konspekt 
080 |a 615.814-026.651  |2 2001 
080 |a (035)  |2 2001 
100 1 |a Höting, Hans,  |d 1934-  |4 aut  |9 322916 
240 1 4 |a Die Moxa-Therapie  |l Česky 
245 1 0 |a Moxa  |b klasická čínská léčebná metoda  |c Hans Höting ; [z německého originálu přeložil Eduard Světlík] 
260 |a Hodkovičky (Praha)  |b Pragma  |c c2008 
300 |a 222 s.  |b ilustr.  |c 21 cm 
650 0 7 |a moxovanie  |2 SNKPH  |9 322917 
650 0 7 |a moxing  |2 SNKPHeng  |9 322918 
655 7 |a príručky  |2 SNKPH  |9 74364 
655 7 |a Handbooks, manuals, etc.  |2 SNKPHeng  |9 90964 
700 1 |a Světlík, Eduard,  |d 1931-  |4 trl  |9 92665 
919 |a 978-80-7349-102-4 
999 |c 573524  |d 575454 
952 |a SNK  |b SNK  |y VYP  |7 0  |p 17A0570764  |o snkIC 138089  |i snk2009/13919  |8 3  |g 8.73  |0 0  |1 0  |4 0  |d 2009-08-03  |l 0  |r 2026-02-23 14:24:05  |w 2026-02-23